00330nam a2200133Ia 4500003000400000005001700004008004100021040001800062041000800080100004400088110002200132245002200154260002000176OSt20230526141139.0211028s2017 xx 000 0 und d cAIMIT LIBRARY aeng aNagarathna; Shetty, Annapoorna.e151927 aAnnapoorna Shetty aJDA build portal. aMangalorec2017